000 00513nam a2200193 a 4500
001 1766824442810
003 YourLibrary
005 20251229124202.0
008 251227s2009##################000#0#eng##
020 _a9789814270076
082 0 4 _a241.97
_bCHI
100 1 _aChia, Roland,
_eauthor.
245 1 0 _aThe Ethics of Human Organ Trading :
260 _bArmour Publishing Pte Ltd,
_c2009.
300 _a46 pages
650 0 _aChristianity.
942 _cENGLISH
040 _aYourLibrary
_beng
_cYourLibrary
999 _c605812
_d605812